00483cas a22001572a 4500001000900000003001100009008004700020092001500067245007600082300001500158022001400173260010100187260001300288942000900301999001500310 000493 AR-FADEU 311216n############xxu####################dd aPP(364)DEL aDelincuencia : una revista interdisciplinar desde las ciencias sociales b1990 (1-2) a0214-6908 bDepartamento de Teoría de la Educación. Facultad de Filosofía y Ciencias de la Educación aValencia cPPGR c2402d2402